Optimization theory for large systems /
Guardado en:
| Autor Principal: | |
|---|---|
| Formato: | Libro |
| Idioma: | English |
| Publicado: |
[New York] : London :
Macmillan ; Collier-Macmillan,
c1970.
|
| Etiquetas: |
Agregar Etiqueta
Sin Etiquetas, Sea el primero en etiquetar este registro!
|
| LEADER | 01086nam a22001815 4500 | ||
|---|---|---|---|
| 001 | MAT.inmabb002000 | ||
| 008 | 700818s1970####nyu######b####001#0#eng#d | ||
| 005 | 20130313151604.0 | ||
| 245 | 1 | 0 | |a Optimization theory for large systems / |c Leon S. Lasdon. |
| 260 | |a [New York] : |b Macmillan ; |a London : |b Collier-Macmillan, |c c1970. | ||
| 300 | |a xi, 523 p. ; |c 24 cm. | ||
| 504 | |a Incluye referencias bibliográficas e índice. | ||
| 505 | 8 | |a Capítulos: 1. Linear and nonlinear programming -- 2. Large mathematical programs with special structure -- 3. The Dantzig-Wolfe decomposition principle -- 4. Solution of linear programs with many columns by column-generation procedures -- 5. Partitioning and relaxation procedures in linear programming -- 6. Compact inverse methods -- 7. Partitioning procedures in nonlinear programming -- 8. Duality and decomposition in mathematical programming -- 9. Decomposition by right-hand-side allocation. | |
| 510 | 4 | |a MR, |c 49 #2086 | |
| 100 | 1 | |a Lasdon, Leon S., |d 1939- | |
| 084 | |a 90Cxx |2 msc2000 | ||
| 010 | |a 78095301 | ||
| 859 | |h 90 |i L342 |p A-3639 |b BIB. MATEMATICA | ||
